Statistics for Famous People from Little Countries

Click here to take the quiz!

General Stats

  • This quiz has been taken 52 times
    (20 since last reset)
  • The average score is 10 of 17

Answer Stats

CountryHintAnswer% Correct
Jamaica"Buffalo Soldier" singerBob Marley
88%
Barbados"Umbrella" singerRihanna
88%
JamaicaSprinter who won eight Olympic gold medalsUsain Bolt
82%
MongoliaHe founded the Mongol EmpireGenghis Khan
76%
GeorgiaSoviet dictatorJoseph Stalin
76%
SloveniaUS first lady 2017-2021Melania Trump
76%
AlbaniaCharitable nun who went to CalcuttaMother Teresa
76%
IcelandSinger and star of "Dancer in the Dark"Björk
65%
CroatiaEdison rival and namesake of an Elon Musk companyNikola Tesla
65%
New ZealandFirst climber of Mount EverestEdmund Hillary
53%
New Zealand"Lord of the Rings" directorPeter Jackson
47%
UruguayLeague top scorer for both Liverpool and BarcelonaLuis Suárez
41%
Trinidad and TobagoRapper and "starships" singerNicki Minaj
41%
MonacoPrince and son of Grace KellyAlbert II.
29%
PanamaDe facto ruler 1983-1989Manuel Noriega
24%
New Zealand"Pure Heroine" singer with an interest in aristocracyLorde
18%
SloveniaPhilosopher influenced by Marx, Lacan and HollywoodSlavoj Žižek
6%

Score Distribution

Percentile by Number Answered

Percent of People with Each Score

Your Score History

You have not taken this quiz since the last reset